000 01175nam a2200265 i 4500
001 190580
003 ES-MaACL
005 20250830230601.0
008 220104s2010 ae 001 0dfre d
020 _a978-9947-0-2885-8
020 _a978-9947-0-2886-5
100 1 _aBen Cheneb, Mohammed.
_9173989
245 1 0 _aMohammed Bencheneb :
_bses écrits & son œuvre : (textes publiés dans des périodiques) /
_crecueillis et présentés par Dr. Ali Tablit, Tayeb Ould Laroussi.
260 _a[Alger] :
_bUniversité d'Alger,
_c[2010]
300 _a2 v. (466, 70 ; 413 p.) ;
_c24 cm.
546 _aTexto en francés y árabe.
700 1 _aTablit, Ali,
_d1941-
_9234560
700 1 _aLaroussi, Tayeb Ould.
_9173991
852 4 _aES-MaACL
_jA-14839
_9197758
_bR.152338
_cDEPO1
_dOlim: N-7839-40
_hDonativo: Krishna Mohán
_pVol 1
_x Encuadernación en cartoné.
852 4 _aES-MaACL
_jA-14840
_bR.152338
_cDEPO1
_dOlim: N-7840
_hDonación: Krishna Mohán
_pVol. 2
_x Encuadernación en cartoné.
_9 201075
903 _925189
_aBanerjea, Krishna Mohan (
_d1813-1885)
_ednr
942 _2udc
_cMONOGRAFIA
999 _c190580
_d190580